Municipios de Huelva - Estadísticas

Estadísticas generales
  • Esta prueba ha sido intentada 34 veces
  • La puntuación promedio es 39 de 80
Estadísticas de respuestas
Municipio % Correcto
Almonte
93%
Lepe
90%
Punta Umbría
90%
Aracena
86%
Huelva
86%
Moguer
86%
Ayamonte
83%
Isla Cristina
83%
Palos de la Frontera
83%
Cartaya
79%
Trigueros
76%
Valverde del Camino
76%
Gibraleón
72%
San Juan del Puerto
72%
Beas
69%
Cumbres Mayores
69%
Cala
66%
La Palma del Condado
66%
Cortegana
62%
Niebla
62%
Bollullos Par del Condado
59%
Jabugo
59%
Nerva
59%
Aljaraque
55%
Aroche
55%
Calañas
55%
Cumbres de Enmedio
55%
El Granado
55%
Minas de Riotinto
55%
Zalamea la Real
55%
Zufre
55%
Chucena
52%
Hinojos
52%
Alájar
48%
Almonaster la Real
48%
Bonares
48%
Escacena del Campo
48%
Galaroza
48%
Puebla de Guzmán
48%
Rociana del Condado
48%
Alosno
45%
Cabezas Rubias
45%
El Campillo
45%
Higuera de la Sierra
45%
Paterna del Campo
45%
Villablanca
45%
Villalba del Alcor
45%
Encinasola
41%
Hinojales
41%
Lucena del Puerto
41%
Manzanilla
41%
Rosal de la Frontera
41%
San Bartolomé de la Torre
41%
Villanueva de los Castillejos
41%
Campofrío
38%
Fuenteheridos
38%
Santa Olalla del Cala
38%
Villarrasa
38%
Cortelazor
34%
El Almendro
34%
Cañaveral de León
31%
Corteconcepción
31%
Paymogo
31%
Sanlúcar de Guadiana
31%
Berrocal
28%
La Granada de Río-Tinto
28%
La Nava
28%
Linares de la Sierra
28%
Los Marines
28%
Santa Ana la Real
28%
Santa Bárbara de Casa
28%
Valdelarco
28%
Arroyomolinos de León
24%
Castaño del Robledo
24%
San Silvestre de Guzmán
24%
El Cerro de Andévalo
21%
Puerto Moral
21%
Villanueva de las Cruces
17%
La Zarza-Perrunal
14%
Cumbres de San Bertolomé
0%
No se encontraron pruebas coincidentes
Distribución de puntuación
Porcentaje de gente con cada puntuación
Porcentaje por número respondido
Historial de tus puntuaciones
No has intentado esta prueba.